Statistics for Fast Typing 1-40 (BACKWARDS)

Click here to take the quiz!

General Stats

  • This quiz has been taken 64 times
  • The average score is 37 of 40

Answer Stats

Numero% Correct
40
100%
39
100%
38
100%
37
100%
36
100%
35
100%
34
100%
33
100%
32
100%
31
98%
30
95%
29
95%
28
95%
27
95%
26
95%
25
95%
24
95%
23
95%
22
95%
20
93%
21
93%
19
90%
18
90%
17
90%
16
90%
15
90%
14
90%
13
90%
12
90%
10
88%
11
88%
9
86%
8
86%
7
83%
6
83%
5
83%
4
81%
3
79%
2
76%
1
76%

Score Distribution

Percentile by Number Answered

Percent of People with Each Score

Your Score History

You have not taken this quiz